Central Library OPAC University of Rajshahi

Mental health and mental disorder : (Record no. 33659)

MARC details
000 -LEADER
fixed length control field 01028nam a22002891a 4500
001 - CONTROL NUMBER
control field 33659
003 - CONTROL NUMBER IDENTIFIER
rucl marc code BD-RjUL
005 - DATE AND TIME OF LATEST TRANSACTION
control field 20211209052035.0
008 - FIXED-LENGTH DATA ELEMENTS--GENERAL INFORMATION
fixed length control field 140510s1955 nyua b 001 0 eng
035 ## - SYSTEM CONTROL NUMBER
System control number (BD-RjUL)33750
System control number (OCoLC)1421775
040 ## - CATALOGING SOURCE
Original cataloging agency DLC
Transcribing agency NPurU
Modifying agency OCoLC
-- PPiU
-- DLC
-- BD-RjUL
Language of cataloging eng
041 ## - LANGUAGE CODE
Language code of text/sound track or separate title eng
082 ## - DEWEY DECIMAL CLASSIFICATION NUMBER
Classification number 616.89082
Author mark and year MEN 1955
245 10 - TITLE STATEMENT
Title Mental health and mental disorder :
Remainder of title a sociological approach /
Statement of responsibility, etc. prepared for a committee of the Society for the Study of Social Problems; Arnold M. Rose, editor and chairman of the committee.
250 ## - EDITION STATEMENT
Edition statement 1st ed.
260 ## - PUBLICATION, DISTRIBUTION, ETC. (IMPRINT)
Place of publication, distribution, etc. New York :
Name of publisher, distributor, etc. Norton,
Date of publication, distribution, etc. c1955.
300 ## - PHYSICAL DESCRIPTION
Pagination xiv, 626 p. :
Illustrations ill., tables ;
Size 22 cm.
504 ## - BIBLIOGRAPHY, ETC. NOTE
Bibliography, etc Includes bibliographical references and index.
650 #0 - SUBJECT ADDED ENTRY--TOPICAL TERM
Topical term or geographic name as entry element Mental illness.
9 (RLIN) 102189
Topical term or geographic name as entry element Social psychology.
9 (RLIN) 102190
700 1# - ADDED ENTRY--PERSONAL NAME
Personal name Rose, Arnold Marshall,
Dates associated with a name 1918-1968.
710 2# - ADDED ENTRY--CORPORATE NAME
Corporate name or jurisdiction name as entry element Society for the Study of Social Problems.
9 (RLIN) 101718
942 ## - ADDED ENTRY ELEMENTS (KOHA)
Source of classification or shelving scheme Dewey Decimal Classification
Koha item type Books
Holdings
Lost status Source of classification or shelving scheme Damaged status Not for loan Collection code Permanent Location Current Location Shelving location Date acquired Source of acquisition Cost, normal purchase price Total Checkouts Full call number Date last seen Copy number Koha item type
  Dewey Decimal Classification   Not For Loan Non-fiction Central Library, University of Rajshahi Central Library, University of Rajshahi Reading Room 30/05/1969 Mirga Book Agency 34.75   616.89082 MEN 1955 10/05/2014 C-1 Books
  Dewey Decimal Classification     Non-fiction Central Library, University of Rajshahi Central Library, University of Rajshahi   30/05/1969 mirza book ajency 34.75   616.89082 MEN 1955 14/05/2014 C-3 Books
  Dewey Decimal Classification     Non-fiction Central Library, University of Rajshahi Central Library, University of Rajshahi   01/01/1969 UNICEF     616.89082 MEN 1955 28/12/2016 C-2 Books